| 000 | 00495nam a2200157 i 4500 | ||
|---|---|---|---|
| 001 | 89641 | ||
| 003 | ES-MaACL | ||
| 005 | 20230906180235.0 | ||
| 007 | t| | ||
| 008 | 050111s1915 fr ||||1| fre d | ||
| 100 | 1 |
_aLavisse, Ernest. _970728 |
|
| 245 | 1 | 3 |
_aLa práctica y la doctrina alemanas en la guerra / _cpor Ernest Lavisse y Ch. Andler ; versión castellana de P. Salinas. |
| 260 |
_aParís : _bArmand Colin, _c1915. |
||
| 700 | 1 |
_aAndler, Charles. _921494 |
|
| 852 |
_aES-MaACL _jT-1465-F-3 |
||
| 999 |
_c89641 _d89641 |
||